000 00886cam a22002531 4500
001 22338
003 BD-RjUL
005 20211209000809.0
008 140308r19461931enk 000 1 eng c
035 _a(BD-RjUL)22403
035 _a(OCoLC)337967
040 _aEvansville, Ind. Public Library
_cODaWU
_dOCoLC
_dDLC
_dBD-RjUL
_beng
041 1 _aeng
_hpol
082 0 0 _a843.83
_bSIT 1946
100 1 _aSienkiewicz, Henryk,
_d1846-1916.
_968974
245 1 0 _aTales from Henryk Sienkiewicz /
_c Henryk Sienkiewicz ; edited by Monica M. Gardner.
260 _aLondon ;
_aToronto :
_bJ.M. Dent & Sons, ltd.;
_aNew York :
_bE.P. Dutton & Co.,
_c1931 [Reprinted 1946].
300 _axvi, 332 p. ;
_c18 cm.
490 0 _aEveryman's library. Fiction.
_v[no. 871]
700 1 _aGardner, Monica Mary,
_d-1941,
_eed.
_968975
942 _2ddc
_cBK
999 _c22338
_d22338